01338nam a2200253 a 4500001001000000005001700010008004100027041000800068044000700076084002100083100004500104245009500149260003600244300003000280500018700310500015300497500018600650500001100836650005200847650005600899650003400955650004500989740005001034BRCA_270520190320203930.0031208s1889----fr-a---###---#000-0dspa-u aspa afr a211b.G376c18891 aCervantes Saavedra, Miguel ded1547-161610aEl Ingenioso Hidalgo Don Quijote de la Manchaccompuesto por Miguel de Cervantes Saavedra. aParísbGranier hermanosc1889 axliv, 776 p.bil.c18 cm. aContenido : Primera parte. Vida de Cervantes. Dedicatoria del autor. Prólogo del autor. Versos preliminares. Texto. Segunda parte. Dedicatoria del autor. Prólogo del autor. Texto aEdición : Edición conforme a la última corregida por la Academia Española con la vida del autor y notas para la buena inteligencia del texto aReproducción de la edición de 1873, impresa por los mismos editores, pero de menor tamaño. Semipiel; lomo decorado con filetes dorados; corte dorado también Lúdovik Osterc aQM100114aNovela españolayÉpoca clásica, 1500-170014aLiteratura españolayÉpoca clásica, 1500-170014aNovela españolaySiglo XVII14aDon Quijote (Personaje ficticio)eNovela0 aEl Ingenioso Hidalgo Don Quijote de la Mancha